Dragão de fogo, Dragão de gelo (Record no. 75506)

MARC details
000 -LÍDER
campo de controle de tamanho fixo 00380 a2200157 4500
001 - NÚMERO DE CONTROLE
campo de controle 75506
020 ## - ISBN - INTERNATIONAL STANDARD BOOK NUMBER
ISBN - International Standard Book Number 9788598553429
040 ## - FONTE DA CATALOGAÇÃO
Instituição que transcreveu o registro Anchieta - Colégio São Paulo
100 ## - ENTRADA PRINCIPAL--NOME PESSOAL
Nome pessoal Cedraz, Antônio
240 10 - TÍTULO UNIFORME
Título uniforme Dragão de fogo, Dragão de gelo
Idioma da obra por
245 10 - TÍTULO
Título Dragão de fogo, Dragão de gelo
300 ## - DESCRIÇÃO FÍSICA
Extensão
362 0# - DATAS DE PUBLICAÇÃO E/OU DESIGNAÇÃO SEQUENCIAL
Datas de publicação e/ou designação sequencial 2013
650 #4 - ASSUNTO--TERMO TÓPICO
Cabeçalho tópico ou nome geográfico Literatura infantil
942 ## - ELEMENTOS DE ENTRADA ADICIONADOS (KOHA)
Tipo de material Koha Livros
Holdings
Situação do descarte Situação das perdas Situação física Não pode ser emprestado Biblioteca de origem Biblioteca atual Data de aquisição Total de empréstimos Número de chamada completo Código de barras Data de último acesso Data do preço efetivo Tipo de material Koha
        Colégio São Paulo Colégio São Paulo 22/11/2023   LI 028.5 C389d 7137/CSP 22/11/2023 22/11/2023 Livros